Egypt and World War II : The anti-axis campaigns in the Middle East /

محفوظ في:

المؤلف الرئيسي: Lugol, Jean (مؤلف)

مؤلفون آخرون: Mitchell, A. G.

التنسيق: كتاب

اللغة: English
French

منشور في: Cairo, Société orientale de publicité, 1945.

الموضوعات:

الوسوم: إضافة وسم

لا توجد وسوم, كن أول من يضع وسما على هذه التسجيلة!

رقم الطلب: D742 .E3 L83 1945

LEADER 01018nam a2200289K 4500
001 5681
003 OSt
005 20251204124836.0
008 130303s1945 ua ac 000 0 eng d
035 |a ocm11607953 
040 |c ARCE Library 
041 1 |a eng  |h fre 
043 |a f-ua--- 
050 4 |a D742 .E3 L83 1945 
100 1 |a Lugol, Jean,  |e author  |9 34969 
240 1 0 |a Egypte et la deuxième guerre mondiale.  |l English 
245 1 0 |a Egypt and World War II :   |b The anti-axis campaigns in the Middle East /   |c Jean Lugol ; translated from the French by A. G. Mitchell. 
246 3 |a Anti-axis campaigns in the Middle East. 
264 1 |a Cairo,  |b Société orientale de publicité,  |c 1945. 
300 |a 402, ix pages :  |b illustrations, portraits ;  |c 22 cm. 
500 |a Translation of : L'Égypte et la deuxième guerre mondiale. 
650 0 |a World War, 1939-1945  |z Egypt. 
650 0 |a World War, 1939-1945. 
700 1 |a Mitchell, A. G.,   |q (Alexander George) 
901 |a reviewed 
942 |c BK  |2 lcc 
999 |c 3017  |d 3017